| 000 | 00433nam a2200181Ia 4500 | ||
|---|---|---|---|
| 999 |
_c50580 _d50580 |
||
| 001 | 17530 | ||
| 003 | GE_BSU | ||
| 005 | 20200206153002.0 | ||
| 008 | 181216s||||||||xx |||||||||||||| ||und|| | ||
| 040 | _cGE_BSU | ||
| 041 | _ageo | ||
| 080 | _a94(479.22-25)(036) T-28 | ||
| 245 |
_aTbilisi / _bGuide & map . |
||
| 300 |
_a130 p. _b+CD |
||
| 653 | _aGuide & map. | ||
| 653 | _aთბილისის რუკა | ||
| 942 |
_cMP _2udc |
||